| 000 | 01236nam0a2200301 i 4500 | ||
|---|---|---|---|
| 001 | RU\NLR\BIBL_A\010508397 | ||
| 005 | 20260628030855.0 | ||
| 010 |
_a9785952702424 _9500 |
||
| 021 |
_aRU _b2014-60610 _93676 |
||
| 035 | _a(NILC)RuMoRGB-007536081 | ||
| 035 | _a(NLR Aleph) 010508397 | ||
| 090 |
_a10166934 _c10166934 |
||
| 100 | _a20141023d2014 k y0rusy50 ca | ||
| 101 | 0 | _arus | |
| 102 | _aRU | ||
| 105 | _aa|||7|||001yy | ||
| 200 | 1 |
_aПредпринимательский потенциал театральных организаций _fШкарина Вера Сергеевна _gПроект "Интеллектуал. ресурсы России" |
|
| 210 |
_aЯрославль _c[б. и.] _d2014 |
||
| 215 |
_a116 с. _cил. _d20 |
||
| 320 | _aБиблиогр.: с. 104-115 (141 назв.) и в подстроч. примеч. | ||
| 606 |
_aТеатр _xУправление _3RU\NLR\AUTH\661081490 _91753988 |
||
| 686 | 1 | _aЩ33к | |
| 700 | 1 |
_aШкарина _bВ. С. _gВера Сергеевна |
|
| 801 | 0 |
_aRU _bРГБ _c20140815 _gRCR |
|
| 942 | _cBOOK | ||
| 980 | _aNBR | ||